Technológia Tailor Blanks a jej aplikácie v automobilovom priemysle

Guardado en:
Detalles Bibliográficos
Autor principal: Jalakša, Rastislav (Autor)
Otros Autores: Šugárová, Jana (Orientador)
Formato: Manuscrito Libro
Lenguaje:eslovaco
Publicado: 2016
Materias:
Acceso en línea:http://is.stuba.sk/zp/portal_zp.pl?podrobnosti=105816
Etiquetas: Agregar Etiqueta
Sin Etiquetas, Sea el primero en etiquetar este registro!

MARC

LEADER 00000ntm a22000003a 4500
001 stuzp55931
003 SK-STU
005 20160719154846.1
007 ta
008 150427s2015----xo-----f-mn---000-0-slo-d
040 |a STU  |b slo 
041 0 |a slo 
100 1 |a Jalakša, Rastislav  |u 063000  |4 aut  |U MTF Materiálovotechnologická fakulta  |T MTF Ústav výrobných technológií  |X 71566  |U M3000  |Y 83  |7 71566 
242 0 1 |a Tailor Blanks technology and its applications in the automotive industry  |y eng 
245 1 0 |a Technológia Tailor Blanks a jej aplikácie v automobilovom priemysle 
260 |c 2016 
650 4 |a Tvárnenie  |2 slo 
650 4 |a Tailor blanks  |2 slo 
650 4 |a Kombinované prístrihy  |2 slo 
650 4 |a Forming  |2 eng 
650 4 |a Tailor blanks  |2 eng 
650 4 |a Semi-finished sheets  |2 eng 
700 1 |a Šugárová, Jana  |u 063600  |k Z1  |4 ths  |U MTF Ústav výrobných technológií  |T MTF Katedra obrábania a tvárnenia  |X 54646  |U M3600  |Y 841  |7 A000054646 
856 4 |u http://is.stuba.sk/zp/portal_zp.pl?podrobnosti=105816 
996 |c M* BP-7641  |l MMSKP  |s P  |a 0  |w stuzp55931_0001 
SQL |a stuzp55931  |b DBP  |c SLO  |d Technológia Tailor Blanks a jej aplikácie v automobilovom priemysle  |e 71566  |f Jalakša, Rastislav  |g 063000  |h 54646  |i Šugárová, Jana  |j 20160621  |k 178  |l 06  |m http://is.stuba.sk/zp/portal_zp.pl?podrobnosti=105816  |n B-VTE  |o 5.2.51. výrobné technológie